000 00282nam a22001337a 4500
008 181102b xxu||||| |||| 00| 0 eng d
020 _a9780314642844
041 _aeng
080 _a370
100 _a49
101 _aEDU
245 _aBasic Logic
_cYanal. R.J
942 _2udc
_cBK
999 _c51603
_d51603